Every Premier League Goalscorer for Barnsley - Statistics

General Stats
  • This quiz has been taken 33 times
  • The average score is 4 of 10
Answer Stats
Player % Correct
Neil Redfearn
62%
Ashley Ward
52%
Darren Barnard
48%
Jan Åge Fjørtoft
43%
Scott Jones
43%
Georgi Hristov
38%
Eric Tinkler
33%
John Hendrie
24%
Andy Liddell
19%
Jovo Bosančić
19%
No matching quizzes found
Score Distribution
Percent of People with Each Score
Percentile by Number Answered
Your Score History
You have not taken this quiz